004600000a22001210004500090001700000245014300017041001400160700003400174100003900208942001300247773006100260999001700321 aAsbSeriadas10aImpacto económico del daño causado por defoliadores en plantaciones de Pinus patula Schiede & Deppe en el Norte de Antioquia, Colombia0 aEspañol1 aMadrigal C., Alejandro9998371 adel Valle A., Jorge Ignacio917551 cARTICULO1 tCrónica Forestal y del Medio Ambienteh11q47-57d1996 c15576d15576